Mikroextrakčné techniky na izoláciu rezíduí pesticídov z potravín

Saved in:
Bibliographic Details
Main Author: Palacka, Dušan (Author)
Other Authors: Andraščíková, Mária (Thesis advisor)
Format: Manuscript Book
Language:Slovak
Published: 2015
Subjects:
Online Access:http://is.stuba.sk/zp/portal_zp.pl?podrobnosti=101562
Tags: Add Tag
No Tags, Be the first to tag this record!

MARC

LEADER 00000ntm a22000003a 4500
001 stuzp53043
003 SK-STU
005 20160719154347.8
007 ta
008 150427s2015----xo-----f-mn---000-0-slo-d
040 |a STU  |b slo 
041 0 |a slo 
100 1 |a Palacka, Dušan  |u 041180  |4 aut  |U FCHPT Ústav analytickej chémie  |T FCHPT Oddelenie analytickej chémie  |X 60994  |U C1180  |Y 108  |7 60994 
242 0 1 |a Solid Phase Microextraction for Isolation of Pesticide Residues from Food Matrices  |y eng 
245 1 0 |a Mikroextrakčné techniky na izoláciu rezíduí pesticídov z potravín 
260 |c 2015 
650 4 |a pesticídy  |2 slo 
650 4 |a mikroextrakcia tuhou fázou  |2 slo 
650 4 |a potraviny  |2 slo 
650 4 |a plynová chromatografia  |2 slo 
650 4 |a solid phase microextraction  |2 eng 
650 4 |a pesticides  |2 eng 
650 4 |a gas chromatography  |2 eng 
650 4 |a food  |2 eng 
700 1 |a Andraščíková, Mária  |4 ths  |X 16163  |7 A000016163 
856 4 |u http://is.stuba.sk/zp/portal_zp.pl?podrobnosti=101562 
SQL |a stuzp53043  |b DBP  |c SLO  |d Mikroextrakčné techniky na izoláciu rezíduí pesticídov z potravín  |e 60994  |f Palacka, Dušan  |g 041180  |h 16163  |i Andraščíková, Mária  |j 20150713  |k 753  |l 04  |m http://is.stuba.sk/zp/portal_zp.pl?podrobnosti=101562  |n B-CHEMAT  |o 4.1.14. chémia, 5.2.18. chemické technológie